| 000 | 00399nam a22001457a 4500 | ||
|---|---|---|---|
| 999 |
_c30727 _d30726 |
||
| 003 | OSt | ||
| 005 | 20180627033332.0 | ||
| 008 | 180627b ||||| |||| 00| 0 eng d | ||
| 040 |
_aMMU _beng _cMMU _dMMU |
||
| 050 | _aG 155 .B463 2015 | ||
| 100 | _aBendle Neil | ||
| 245 |
_aCompetition & Competitor Analysis/ _cNeil Bendle. |
||
| 260 |
_aCanada: _bIvey Business School; _c2015. |
||
| 942 |
_2lcc _cLOAN LOAN |
||